000 00295nam a2200133Ia 4500
003 SGT
082 _a611
_bP11T
100 _aTORTORA, GERARD J.
245 _aPRINCIPLES OF ANATOMY & PHYSIOLOGY VOL.-1
260 _bWILEY
_c2011
300 _a1-850
650 _aHUMAN ANATOMY
942 _2ddc
_cBK
_04
999 _c1769
_d1769